Statistics for Countries Italy Declared War On

Click here to take the quiz!

General Stats

  • This quiz has been taken 1,594 times
  • The average score is 13 of 16

Answer Stats

Country% Correct
France
99%
United Kingdom
98%
United States
97%
Germany
95%
Soviet Union
95%
Austrian Empire
94%
Austria-Hungary
94%
Ottoman Empire
91%
Second Spanish Republic
91%
Kingdom of Greece
88%
Yugoslavia
78%
Ethiopian Empire
74%
Bulgaria
67%
Kingdom of Albania
60%
State of the Church
46%
Principality of Liechtenstein
18%

Score Distribution

Percentile by Number Answered

Percent of People with Each Score

Your Score History

You have not taken this quiz